The practical hi-fi handbook.

Bibliographic Details
Main Author: King, Gordon John
Format: Book
Language:English
Published: New York : Macmillan, 1959.
Subjects:

MARC

Tag First Indicator Second Indicator Subfields
LEADER 00000cam a2200000 4500
001 in00000041342
005 20151007072545.0
008 761112s1959 nyua 00000 eng c
010 |a a 60001799  
035 |a (OCoLC)02556348 
035 |9 AAE8104AM 
040 |a Georgia. Inst. of Tech.  |c OHI  |d TXA  |d UtOrBLW 
049 |a TXAM  |c [314896] 
090 |a TK7881.7  |b .K55 1959 
092 |a 621.3818  |b K52p, 1952 
100 1 |a King, Gordon John. 
245 1 4 |a The practical hi-fi handbook. 
264 1 |a New York :  |b Macmillan,  |c 1959. 
300 |a 224 pages :  |b illustrations, diagrams ;  |c 23 cm. 
336 |a text  |b txt  |2 rdacontent 
337 |a unmediated  |b n  |2 rdamedia 
338 |a volume  |b nc  |2 rdacarrier 
650 0 |a High-fidelity sound systems. 
999 |a MARS 
999 f f |s fd238522-054e-3d1f-a4b5-8e02d27e572f  |i e024c2ba-309d-3a5b-9912-b1804f011674  |t 0 
952 f f |p ric  |a Texas A&M University  |b Rellis Campus  |c Joint Library Facility  |d Remote Storage  |t 0  |e TK7881.7 .K55 1959  |h Library of Congress classification  |i unmediated -- volume  |m A14801037861 
998 f f |a TK7881.7 .K55 1959  |t 0  |l Remote Storage